000 00692cab a2200217 4500
001 WB2905-77
008 090401t1993 xxu||||| |||| 00| 0 eng d
035 _a(Sirsi) u43300
041 _aeng
245 _aNew Forth Road Bridge
260 _c1993
350 _a0
490 _aFinancial Times
_v2 February 1993, 6(1)
520 _aA second road bridge across the Firth of Forth could be built by the end of the century, according to the Scottish Secretary announcing a feasibility study into this privately funded project.
650 _aBRIDGES
650 _aPRIVATE FUNDING
650 _aSCOTLAND
690 _aTRANSPORT AND COMMUNICATIONS
942 _n0
948 _c04/03/1997
999 _c27672
_d27672